|
|
|
|
| LEADER |
00000nam#a2200000#a#4500 |
| 001 |
011477 |
| 005 |
20160721150625.0 |
| 008 |
960521s1994####ag##################spa#d |
| 020 |
|
|
|a 950701246X
|
| 040 |
|
|
|a AR-beUNQ
|
| 099 |
|
|
|a 10-O1
|
| 245 |
0 |
3 |
|a El éxito prohibido : fracaso escolar : una investigación sobre el fracaso escolar en áreas urbano-marginales
|c Carlos A Oyola.
|
| 260 |
|
|
|a Buenos Aires :
|b Aique,
|c 1994
|
| 300 |
|
|
|a 239 p. :
|b tablas
|
| 490 |
0 |
|
|a Transversal
|
| 650 |
|
7 |
|a EDUCACION
|2 Spines
|
| 650 |
|
7 |
|a FRACASO ESCOLAR
|2 Spines
|
| 650 |
|
7 |
|a ASPECTOS SOCIALES
|2 Spines
|
| 650 |
|
7 |
|a ASPECTOS PSICOLOGICOS
|2 Spines
|
| 651 |
|
7 |
|a ARGENTINA
|2 Spines
|
| 700 |
1 |
|
|a Oyola, Carlos A
|e dir
|4 drt
|
| 929 |
|
|
|a COMPRA
|b Aique
|c Exp. 827-0863/95
|d 10,68
|e 19951020
|j 14644
|
| 929 |
|
|
|a COMPRA
|b Aique
|c Exp. 827-0863/95
|d 10,68
|e 19951020
|j 14645
|
| 942 |
|
|
|c LIB
|n 0
|
| 999 |
|
|
|c 13893
|d 89280
|